000 00670nas a2200217 4500
001 BR9605722
003 BR-BrBNA
005 20231205095843.0
007 ta
008 230509b bl.|||p| |||| 00| 00por d
040 _aBR-BrBNA
_bpor
_cBiblioteca Nacional de Agricultura
041 _a(Pt)
072 _aH10
100 1 _aCasagrande, M.M.
245 1 _aNotas sistematicas sobre brassolinae; 1: Tribos (Lepidoptera, Nymphalidae)
650 _aLepidoptero
650 _aBiologia
773 0 _tRevista Brasileira de Zoologia (Brazil)
_xISSN 0101-8175
_g(Sep 1995), v. 12(3) p. 671-699
_wBR9605722
909 _a202311
_bLúcia
_c55
_dLúcia Elande
942 _2AGRIS
_n0
_cANA
999 _c153092
_d153092